LEADER 01457nam a2200277 i 4500 001 000000229924 003 CaOOAMICUS 005 20200701085104.0 008 140521s1766 it u000 u ita u 013 $a208826 026 $aiae, t-e- o-te Ilsa (3) 1766 (R) 040 $aSeMil$bita 100 1 $aZanotti, Francesco Maria,$d<1692-1777>.$0(OLS)http://semarc/name/74880 245 13$aLa filosofia morale secondo l'opinione dei peripatetici ridotta in compendio dal signor Francesco Maria Zanotti con un ragionamento dello stesso sopra un libro di morale del sign. di Maupertuis. 260 $aIn Parma :$bNella stamperia de' Fratelli Borsi,$c1766. 300 $a192 p. ;$c8°. 500 $aFregio xilogr. sul front. - Iniz., fregi xilogr. - Segn. : A-M8. 650 4$aFilosofia antica.$0(OLS)http://semarc/subject/2933 700 1 $aBorsi fratelli,$c.$0(OLS)http://semarc/name/12565 850 $aSeMil 852 $aSeMil$W1$xVenegono$y1$m2Q III 57 FA$j180270$B180270$CSeMilBibl$Z2$F191326 $8I 941 1 $a10 961 $aRecupero: Mantegazza 996 $6245$aLa filosofia morale secondo l'opinione dei peripatetici ridotta in compendio dal signor Francesco Maria Zanotti con un ragionamento dello stesso sopra un libro di morale del sign. di Maupertuis$9(OLS)http://semarc/title/328705 996 $6260$aIn Parma :$bNella stamperia de' Fratelli Borsi$9(OLS)http://semarc/publisher/41233 LEADER 01230nam a2200265 i 4500 001 000000072091 003 CaOOAMICUS 005 20090213000000.0 008 090213s1975 be u000 u fre u 013 $a43263 020 $a2801700118 040 $aSeMil$bita 100 1 $aVirgoulay, René <1934- >.$0(OLS)http://semarc/name/1091 245 10$aOuvres de Maurice Blondel (1880-1973) /$cRené Virgoulay, Claude Troisfontaines. 260 $aLouvain :$bInstitut supérieur de philosophie,$c1975. 300 $a239 p. ;$c24 cm. 490 0 $aCentre d'archives Maurice Blondel ;$v2 700 1 $aTroisfontaines, Claude.$0(OLS)http://semarc/name/1092 773 0 $aVirgoulay, René <1934- >$tMaurice Blondel.$dLouvain : Institut supérieur de philosophie, 1975-1976.$g1$w()1241 830 0$aCentre d'archives Maurice Blondel ;$v2.$0(OLS)http://semarc/title/27307 850 $aSeMil 852 $aSeMil$W1$xVenegono$y1$m2P V 323$j38244$B38244$CSeMilBibl$Z2$F38247 $81 996 $6020$a2801700118$9(OLS)http://semarc/number/51311 996 $6245$aOuvres de Maurice Blondel (1880-1973)$9(OLS)http://semarc/title/116134 996 $6260$aLouvain :$bInstitut supérieur de philosophie$9(OLS)http://semarc/publisher/29950